Responses for show #8140 - Friday, January 17, 2020

Veronica Vichit-Vadakan game 5.

Contestants

[<< previous game]

Lindsay Goldstein, a youth librarian from Chicago, Illinois

Dennis Coffey, a bartender from Old Orchard Beach, Maine

Veronica Vichit-Vadakan, a librarian from Portland, Oregon (whose 4-day cash winnings total $89,001)

[next game >>]

Jeopardy! Round responses

BANDS, CLANS & GANGS
YOU BURNED MY FOOD!
NUMBER THAT BOOK
MIDDLE "O"
(Alex: The letter O will come exactly in the middle of each correct response.)
MONEY TALKS
SITCOMS
    $200 23
a casino

Lindsay
    $200 1
cheese

Lindsay
    $200 6
One

Veronica
    $200 11
the hog

Veronica
    $200 20
a quarter

Dennis
    $200 15
How I Met Your Mother

Lindsay
    $400 24
samurai

Dennis
    $400 2
crème brûlée

Veronica
    $400 7
12

Lindsay
    $400 12
troth

Triple Stumper
    $400 21
a nest egg

Lindsay
    $400 16
Arrested Development

Lindsay
    $600 28
West Virginia

Lindsay
    $600 3
Bananas Foster

Lindsay
    $600 8
A Thousand

Lindsay
    $600 13
(Dennis: What is prost?)

skoal

Dennis
Triple Stumper
    $600 22
Mad Money

Triple Stumper
    $600 17
the Shadows

Lindsay
    $800 27
Clan Bruce

Triple Stumper
    $800 4
(Dennis: What is [*]?)
[Dennis was ruled incorrect and the decision was reversed after the break.]

figgy pudding (*plum pudding)

DennisLindsay
    $800 9
Seven

Veronica
    $800 14
an anthology

Lindsay
    $1,500 29
(Lindsay: What is layaway?)
(Alex: Cash on the [*].)
[The end-of-round signal sounds.]

the barrel (the barrelhead)

Lindsay
    $800 18
Extras

Triple Stumper
    $1000 25
the Bowery Boys

Veronica
    $1000 5
crêpes Suzette

Lindsay
    $1000 10
(Alex: By Robert Kennedy.)

Thirteen

Lindsay
    $1000 26
(Lindsay: What is a groove?)
...
(Alex: Less than a minute to go now, Veronica.)

whorl

Lindsay
Triple Stumper
    $1000 19
The Righteous Gemstones

Lindsay

Scores at the first commercial break (after clue 15):

Veronica Dennis Lindsay
$1,600 $200 $5,600

Scores at the end of the Jeopardy! Round:

Veronica Dennis Lindsay
$2,600 $800 $6,300

Double Jeopardy! Round responses

NORTH, SOUTH, EAST, WEST
A BROADWAY CAST OF CHARACTERS
(Alex: You have to identify the show for us.)
WHAT'S THE BIG IDEA?
NATIONALITY PHRASES
HISTORY, BRIEFLY
DEUTERONOMY'S CLEAN & UNCLEAN ANIMALS
    $400 24
the West Indies

Dennis
    $400 3
The Lion King

Veronica
    $400 15
atheism

Lindsay
    $400 10
(Dennis: What is Greek? [*]?)

Greek to me

Dennis
    $400 1
Genghis Khan

Dennis
    $400 22
fish

Lindsay
    $800 23
(Veronica: What is Antarctica?)

the North Pole

VeronicaLindsay
    $800 4
Les Misérables

Dennis
    $800 16
(Dennis: What is Enlightenment?)

Reason

VeronicaDennis
    $800 12
Swedish pancakes

Lindsay
    $800 2
the Hindenburg

Lindsay
    $800 27
a hoof

Dennis
    $1200 21
South Africa

Triple Stumper
    $1200 6
The Odd Couple

Dennis
    $1200 20
synthesis

Veronica
    $2,500 13
a French press

Lindsay
    $1200 5
Alaska

Lindsay
    $1200 28
swans

Lindsay
    $4,000 19
New South Wales

Dennis
    $1600 8
My Fair Lady

Veronica
    $1600 25
free will

Veronica
    $1600 14
a Dutch door

Triple Stumper
    $1600 7
the Long March

Veronica
    $1600 29
(Lindsay: What is a rabbit?)

a deer

DennisLindsay
    $2000 18
(Lindsay: What is Ann Arbor?)
(Dennis: What is Lansing? [*]?)
(Alex: Thank you.)

East Lansing

DennisLindsay
    $2000 9
(Veronica: What is Hairspray?)

Cat on a Hot Tin Roof

Veronica
Triple Stumper
    $2000 26
ethics

Dennis
    $2000 17
the Young Turks

Dennis
    $2000 11
Yuri Gagarin

Dennis
    $2000 30
chew its cud

Dennis

Scores at the end of the Double Jeopardy! Round:

Veronica Dennis Lindsay
$7,000 $19,600 $10,800

[wagering suggestions for these scores]

Final Jeopardy! Round responses

DNA MAKES NEWS
(Alex: The great-nephew of Tsarina Alexandra of Russia.)
VeronicaWho is Eliza Prince Albert?
$6,999
LindsayWho is Queen Elizabeth II
$3,201
DennisWho is Prince Phillip?
$2,001
Prince Philip

Final scores:

Veronica Dennis Lindsay
$1 $21,601 $7,599
3rd place: $1,000 New champion: $21,601 2nd place: $2,000

Game dynamics:

Coryat scores:

Veronica Dennis Lindsay
$7,000 $17,200 $11,000
11 R,
2 W
16 R
(including 1 DD),
2 W
23 R
(including 1 DD),
4 W
(including 1 DD)

Combined Coryat: $35,200

The J! Archive is created by fans, for fans. The Jeopardy! game show and all elements thereof, including but not limited to copyright and trademark thereto, are the property of Jeopardy Productions, Inc. and are protected under law. This website is not affiliated with, sponsored by, or operated by Jeopardy Productions, Inc. Join the discussion at JBoard.tv.